000 00796nam a22002897a 4500
001 0000787
003 KOHA_MİRAKIL
005 20260207001220.0
007 ta
008 081212b2005 tu |||gr||||#||||0|tur |
020 _a975979442X
_cYTL25,69
040 _aTR-BiSEU
_btur
_cTR-BiSEU
_erda
041 0 _atur
044 _ctu
050 _aS605.5
_b.O94 2005
100 1 _aÖzer, Mustafa.
245 1 _aKansere karşı doğal tarım ve beslenme/
_cMustafa Özer ; Mustafa Özer.
264 1 _aİstanbul :
_b[y.y.]
_c2005
300 _a431 sayfa
336 _ametin
_btxt
_2rdacontent
337 _aaracısız
_bn
_2rdamedia
338 _acilt
_bnc
_2rdacarrier
650 0 _aDoğal gıdalar.
_93300
650 0 _aOrganik tarım.
_93301
650 0 _aBeslenme.
_91530
942 _2lcc
_cBK
999 _c785
_d785